00392nam a2200157Ia 45000010006000000050017000060080041000230410008000640820019000721000022000912450063001132600009001763000033001856500008002186540008002261345620260306164802.0260306t1996||||xx |||||||||||||| ||spa|| aESP aS 004.21bB73A aBooch, GradyeAUT 0aAnálisis y diseño orientado a objetos con aplicaciones c1996 axix, 638 páginas :c24 cm. aGEN aCCC